Statistics for Countries by Population Age 0-14

Click here to take the quiz!

General Stats

  • This quiz has been taken 48 times
  • The average score is 8 of 10

Answer Stats

Population 0-14Answer% Correct
660,909,977United States
97%
747,862,393Brazil
95%
2236,283,152China
95%
1377,426,895India
92%
380,149,125Nigeria
92%
471,325,569Indonesia
86%
566,142,292Pakistan
86%
1035,537,276Democratic Republic of the Congo
76%
941,187,753Ethiopia
70%
847,408,346Bangladesh
54%

Score Distribution

Percentile by Number Answered

Percent of People with Each Score

Your Score History

You have not taken this quiz